Pays en A - Carte Quiz - Statistiques

Statistiques générales
  • Ce quiz a été pris 76 fois
  • Le résultat moyen est 10 sur 14
Réponses sur la Carte
Les réponses sont colorées sur une échelle allant du rouge au vert en fonction du pourcentage des utilisateurs qui les ont devinées à leur premier essai. Vous pouvez retrouver ces pourcentages ci-dessous.
 
Statistiques - réponses
Réponse % Correct
Australie
94%
Algérie
91%
Allemagne
90%
Arabie Saoudite
90%
Afrique du sud
85%
Argentine
85%
Autriche
85%
Afghanistan
76%
Angola
76%
Albanie
74%
Azerbaïdjan
71%
Arménie
63%
Andorre
7%
Antigua-et-Barbuda
0%
Aucun quiz correspondant
Distribution des résultats
% des personnes avec chaque résultat
Percentile par nombre de réponses
Votre historique - résultats
Vous n’avez pas pris ce quiz